|
|
|
|
| LEADER |
00000nam0a2200000 4500 |
| 001 |
290864 |
| 005 |
20231102000330.0 |
| 020 |
|
|
|a RU
|b 83-85671
|
| 035 |
|
|
|a (RuTPU)RU\TPU\book\315422
|
| 090 |
|
|
|a 290864
|
| 100 |
|
|
|a 20150409d1983 k y0rusy5003 ca
|
| 101 |
0 |
|
|a rus
|
| 102 |
|
|
|a KZ
|
| 105 |
|
|
|a y z 000zy
|
| 200 |
1 |
|
|a Совершенствование хозяйственного механизма в нефтяной и газовой промышленности
|f П. Т. Козлов, А. К. Куванышев, Т. Э. Баянский
|g Академия наук Казахской ССР (АН КазССР)
|
| 210 |
|
|
|a Алма-Ата
|c Наука
|d 1983
|
| 215 |
|
|
|a 136 с.
|
| 606 |
|
|
|a Нефтяная промышленность
|x Управление
|2 stltpush
|3 (RuTPU)RU\TPU\subj\45922
|9 65111
|
| 606 |
|
|
|a Газовая промышленность, предприятия
|x Управление
|2 stltpush
|3 (RuTPU)RU\TPU\subj\4598
|9 32850
|
| 610 |
1 |
|
|a хозяйственный механизм
|
| 610 |
1 |
|
|a совершенствование
|
| 610 |
1 |
|
|a планирование
|
| 610 |
1 |
|
|a экономическое стимулирование
|
| 610 |
1 |
|
|a хозяйственный расчет
|
| 675 |
|
|
|a 622.323.012:658.012
|v 3
|
| 675 |
|
|
|a 622.324.012:658
|v 3
|
| 700 |
|
1 |
|a Козлов
|b П. Т.
|g Петр Тихонович
|
| 701 |
|
1 |
|a Куванышев
|b А. К.
|g Арыспай Куванышевич
|
| 701 |
|
1 |
|a Баянский
|b Т. Э.
|g Тимур Эмирович
|
| 712 |
0 |
2 |
|a Академия наук Казахской ССР (АН КазССР)
|c (Алма-Ата)
|2 stltpush
|3 (RuTPU)RU\TPU\col\4941
|
| 801 |
|
0 |
|a RU
|b RuMRKP
|c 19950704
|g psbo
|
| 801 |
|
1 |
|a RU
|b 63413507
|c 20150409
|
| 801 |
|
2 |
|a RU
|b 63413507
|c 20180220
|g RCR
|
| 942 |
|
|
|c BK
|